[Event "CRO-Cup"]
[Site "Pula"]
[Date "1997.??.??"]
[Round "?"]
[White "Vitic, Ivan"]
[Black "Gabriel, Christian"]
[Result "1/2-1/2"]
[WhiteElo "2305"]
[BlackElo "2570"]
[PlyCount "65"]
[EventDate "1997.??.??"]
[EventType "team"]
[EventRounds "5"]
[EventCountry "CRO"]
[SourceTitle "EXT 1998"]
[Source "ChessBase"]
[SourceDate "1997.11.17"]
[SourceVersion "1"]
[SourceVersionDate "1997.11.17"]
[SourceQuality "1"]

1. e4 c5 2. Nf3 d6 3. d4 cxd4 4. Nxd4 Nf6 5. Nc3 Nc6 6. Bc4 Qb6 7. Nxc6 bxc6 8. 0-0 e6 9. Qe2 Nd7 10. b3 Be7 11. Bb2 0-0 12. Na4 Qc7 13. Rad1 e5 14. Bd3 Re8 15. c4 Nf8 16. f4 exf4 17. Rxf4 Ng6 18. Rf2 Bh4 19. g3 Bg5 20. Re1 Ne5 21. Qd1 Qe7 22. Bf1 Bg4 23. Be2 Bd7 24. Bxe5 Qxe5 25. Bg4 Bxg4 26. Qxg4 Bf6 27. Rfe2 Re6 28. Kg2 Rae8 29. Nb2 Qd4 30. Nd1 d5 31. cxd5 cxd5 32. Nf2 Qb4 33. exd5 1/2-1/2

[Event "CRO-chT2"]
[Site "Medulin"]
[Date "1997.??.??"]
[Round "?"]
[White "Vukovic, Ivo"]
[Black "Vitic, Ivan"]
[Result "1/2-1/2"]
[WhiteElo "2295"]
[BlackElo "2305"]
[PlyCount "129"]
[EventDate "1997.??.??"]
[EventType "team"]
[EventRounds "9"]
[EventCountry "CRO"]
[SourceTitle "EXT 1999"]
[Source "ChessBase"]
[SourceDate "1998.11.16"]
[SourceVersion "1"]
[SourceVersionDate "1998.11.16"]
[SourceQuality "1"]

1. Nf3 Nf6 2. g3 g6 3. Bg2 Bg7 4. 0-0 0-0 5. d3 d6 6. e4 e5 7. c3 c6 8. Nbd2 Nbd7 9. Qc2 Qe7 10. b4 d5 11. Re1 dxe4 12. dxe4 h6 13. a4 Nh7 14. Bb2 Re8 15. b5 Bf8 16. Nc4 Qf6 17. Ne3 Ng5 18. Nxg5 Qxg5 19. h4 Qe7 20. Qe2 h5 21. Red1 Qf6 22. Nc4 Nc5 23. Bc1 Nxa4 24. Rxa4 cxb5 25. Ra1 bxc4 26. Qxc4 Bg4 27. Bg5 Qe6 28. Qxe6 Bxe6 29. Rdb1 b6 30. Be3 Kh7 31. Bf1 Bh6 32. Bxh6 Kxh6 33. Ba6 Re7 34. Be2 Rc8 35. Ra3 Kg7 36. Rba1 Rcc7 37. Kf1 Kf8 38. Ke1 Ke8 39. Kd2 Kd8 40. Ba6 Red7+ 41. Kc2 Bc4 42. Bxc4 Rxc4 43. Rxa7 b5 44. Rxd7+ Kxd7 45. Kd3 Rc7 46. Ra6 Rc6 47. Ra7+ Rc7 48. Ra5 Kc6 49. Ra8 Rd7+ 50. Ke3 Kd6 51. Rb8 Kc6 52. Re8 Kd6 53. f4 exf4+ 54. gxf4 Rb7 55. Rd8+ Ke7 56. Rd4 Rc7 57. Kd3 Ke6 58. Kd2 f6 59. Kd3 Rc5 60. Rd8 Rc4 61. Rb8 f5 62. exf5+ gxf5 63. Rb6+ Kf7 64. Rb7+ Kf6 65. Rb6+ 1/2-1/2

[Event "CRO-chT2"]
[Site "Tucepi"]
[Date "1996.??.??"]
[Round "?"]
[White "Grdinic, Zvonimir"]
[Black "Vitic, Ivan"]
[Result "1-0"]
[WhiteElo "2375"]
[BlackElo "2265"]
[PlyCount "115"]
[EventDate "1996.??.??"]
[EventType "team"]
[EventRounds "9"]
[EventCountry "CRO"]
[SourceTitle "EXT 1998"]
[Source "ChessBase"]
[SourceDate "1997.11.17"]
[SourceVersion "1"]
[SourceVersionDate "1997.11.17"]
[SourceQuality "1"]

1. d4 Nf6 2. c4 g6 3. Nc3 Bg7 4. e4 d6 5. f3 Nc6 6. Bg5 h6 7. Be3 a6 8. Qd2 Rb8 9. Rc1 Nd7 10. d5 Nce5 11. Nh3 Nb6 12. Bxb6 cxb6 13. Nf2 0-0 14. Be2 Kh7 15. f4 Nd7 16. 0-0 a5 17. Rce1 Nc5 18. Bd3 Bd7 19. Bb1 Qc7 20. Kh1 Rbe8 21. Qe3 e5 22. dxe6 Bxe6 23. b3 Bd7 24. Qd2 Bc6 25. Nd5 Qd8 26. Re3 b5 27. cxb5 Bxb5 28. Rfe1 Bc6 29. Rh3 Kg8 30. Ng4 h5 31. Nf2 Bxd5 32. Qxd5 Ne6 33. Nd3 Qb6 34. Rf3 Nd4 35. Rff1 Qc6 36. Qxa5 Rxe4 37. Rc1 Qb5 38. Qxb5 Nxb5 39. Ne5 Rd4 40. Nc4 d5 41. Na5 Rb8 42. f5 g5 43. f6 Bh6 44. a4 Nd6 45. g3 Ra8 46. Rc5 g4 47. b4 Bd2 48. Rc7 Rxb4 49. Rd7 Rb6 50. Nb3 Bc3 51. a5 Rc6 52. Bd3 Re8 53. Nc5 Bxa5 54. Nxb7 Nxb7 55. Rxb7 Rd8 56. Rf5 Bc3 57. Rg5+ Kf8 58. Bh7 1-0

[Event "CRO-chT2"]
[Site "Tucepi"]
[Date "1996.??.??"]
[Round "?"]
[White "Vukelic, Tomislav"]
[Black "Vitic, Ivan"]
[Result "1/2-1/2"]
[WhiteElo "2310"]
[BlackElo "2265"]
[PlyCount "65"]
[EventDate "1996.??.??"]
[EventType "team"]
[EventRounds "9"]
[EventCountry "CRO"]
[SourceTitle "EXT 1998"]
[Source "ChessBase"]
[SourceDate "1997.11.17"]
[SourceVersion "1"]
[SourceVersionDate "1997.11.17"]
[SourceQuality "1"]

1. d4 Nf6 2. c4 g6 3. Nc3 Bg7 4. g3 0-0 5. Bg2 d6 6. e3 Nc6 7. Nge2 e5 8. d5 Na5 9. b3 Bd7 10. e4 Qc8 11. 0-0 b6 12. Qc2 Bh3 13. Bb2 Nh5 14. Nd1 Nb7 15. Ne3 a5 16. a3 Bxg2 17. Kxg2 f5 18. exf5 gxf5 19. f4 e4 20. Bxg7 Nxg7 21. b4 Qe8 22. Qc3 Qh5 23. Nd4 Rf7 24. h3 Qg6 25. Ne2 h5 26. h4 Rff8 27. Ng1 Qf6 28. Qxf6 Rxf6 29. Ne2 Kf8 30. Ng1 Ke7 31. Nh3 Rff8 32. Ng5 Ra7 33. b5 1/2-1/2